000 00370nam a2200145Ia 4500
008 230718s9999 xx 000 0 und d
041 _aEng.
082 _a343
_bانع-ق
100 _aانعام الحق میاں
245 0 _aقانون معاملہ زمین
260 _aPakistan
_bمعصر ایک ھاوس
_c2002
300 _a239
650 _aLaw
999 _c29221
_d29221